000 01295nam a2200217Ia 4500
003 OSt
005 20260509092714.0
008 210210b1993 xxu||||| |||| 00| 0 eng d
040 _cAL
041 _aKannada
082 _aK894.9 BICN
100 _aBICHI
_9131286
_d ಬೀಚಿ
245 _aNanna Biography
_bನನ್ನ ಭಯಾಗ್ರಫಿ
260 _aBengaluru
_bS B S Publishars Distributars
_c1993
300 _a476
520 _a'ನನ್ನ ಭಯಾಗ್ರಫಿ' (Nanna Bhayagraphy) ಕನ್ನಡದ ಪ್ರಸಿದ್ಧ ಹಾಸ್ಯ ಸಾಹಿತಿ ಬೀಚಿ (ರಾಯಸಂ ಭೀಮಸೇನ ರಾವ್) ಅವರ ಅತ್ಯಂತ ಜನಪ್ರಿಯ ಆತ್ಮಕಥನವಾಗಿದೆ. ಇದು ಕೇವಲ ಜೀವನ ಚರಿತ್ರೆಯಲ್ಲ, ಬದಲಾಗಿ ತಮ್ಮ ಬದುಕಿನ ಕಷ್ಟಗಳನ್ನು ಹಾಸ್ಯದ ಮೂಲಕ ವಿವರಿಸುವ ವಿಶಿಷ್ಟ ಕೃತಿಯಾಗಿದೆ. ಇದು ಓದುಗರಿಗೆ ಜೀವನ ಪ್ರೀತಿಯನ್ನು ಕಲಿಸುವ ಮತ್ತು ನಗಿಸುವ ಪುಸ್ತಕವಾಗಿದೆ.
650 _aBiography
_9203964
690 _aKannada Criticism
_9131289
906 _a047497
942 _2ddc
_cBK
999 _c96533
_d96533